Name all members of Twice - Statistics

General Stats
  • This quiz has been taken 149 times
  • The average score is 8 of 9
Answer Stats
Member % Correct
Momo
97%
Sana
97%
Nayeon
96%
Mina
95%
Tzuyu
92%
Jihyo
91%
Dahyun
90%
Chaeyoung
86%
Jeongyeon
86%
No matching quizzes found
Score Distribution
Percent of People with Each Score
Percentile by Number Answered
Your Score History
You have not taken this quiz